|
|
|
|
| LEADER |
01201nam a2200313 a 4500 |
| 001 |
33237 |
| 003 |
BD-DhAAL |
| 005 |
20211116163428.0 |
| 008 |
180707t1990 enka b 000 0 eng d |
| 999 |
|
|
|c 39548
|d 39548
|
| 010 |
|
|
|a gb 89039683
|
| 015 |
|
|
|a GB89-39683
|
| 020 |
|
|
|a 0862941067
|
| 020 |
|
|
|a 9780862941062
|
| 040 |
|
|
|a Uk
|c Uk
|d DLC
|d CStRLIN
|d NBuU
|d NjP
|d NIC
|d BD-DhAAL
|
| 082 |
0 |
4 |
|a 720.82
|2 20
|
| 100 |
1 |
|
|a Lorenz, Clare
|9 26539
|
| 245 |
1 |
0 |
|a Women in architecture :
|b a contemporary perspective /
|c Clare Lorenz
|
| 260 |
|
|
|a London :
|b Trefoil Publication Ltd,
|c c1990
|
| 300 |
|
|
|a 144 pages :
|b some color illustrations ;
|c 25 cm.
|
| 504 |
|
|
|a Includes bibliographical references (pages 142-144).
|
| 526 |
|
|
|a ARC
|
| 541 |
|
|
|a Trim Education
|e 33237
|
| 650 |
|
0 |
|a Women architects
|x Biography
|x History and criticism.
|9 26541
|
| 650 |
|
0 |
|a Architecture, Modern
|y 20th century.
|9 26542
|
| 650 |
|
0 |
|a Architecture
|9 42754
|
| 852 |
|
|
|a Ayesha Abed Library
|c General Stacks
|
| 942 |
|
|
|2 ddc
|c BK
|
| 952 |
|
|
|0 0
|1 0
|2 ddc
|4 0
|6 720_820000000000000_LOR
|7 0
|9 63562
|a BRACUL
|b BRACUL
|c GEN
|d 2018-07-03
|e Trim Education
|g 8500.00
|l 3
|m 33
|o 720.82 LOR
|p 3010033237
|r 2024-03-21
|s 2024-03-02
|t 1
|v 8500.00
|w 2018-07-03
|y BK
|